| 000 | 00924cam a2200229 4500 | ||
|---|---|---|---|
| 001 | WB3711-22 | ||
| 008 | 000000n2001 000 0 eng u | ||
| 035 | _a(Sirsi) u111397 | ||
| 245 | _aTenant information product | ||
| 260 | _c2001 | ||
| 490 |
_aNegotiator _v16(5) 9 March 2001, 5(1) |
||
| 520 | _aThe Tenancy Information Centre Association (TICA) has launched a new tenant information database in the UK to expose problem tenants who owe rent or damage property. The watchdog database system has been running in Australia and New Zealand for seven years, and is similar to the National Association of Residential Letting Agents' (ARLA) DART scheme. | ||
| 590 | _aWB | ||
| 650 | _aTENANCY INFORMATION CENTRE ASSOCIATION | ||
| 650 | _aINTERNET | ||
| 650 | _aTICA | ||
| 650 | _aDATA COLLECTION | ||
| 650 | _aRENT ARREARS | ||
| 650 | _aPROBLEM TENANTS | ||
| 690 | _aPROPERTY-LANDLORD AND TENANT | ||
| 942 | _n0 | ||
| 999 |
_c66370 _d66370 |
||